Obchodní španělština = Español comercial /

Main Author: Macíková, Olga
Other Authors: Mlýnková, Ludmila, 1960-
Language: Spanish
Czech
Published: Brno : CP Books, 2005
Edition: Vyd. 1.
Series: Jazyky (CP Books). Učebnice
Subjects:
Physical Description: v, 342 s. : il. ; 23 cm + 3 CD
Book
Saved in:
LEADER 02031nam a2200565 a 4500
001 nkc20051583808
003 CZ PrNK
005 20051212162543.0
007 ta
008 050928s2005 xr a g p 000 0 cze
015 |a cnb001583808 
020 |a 80-251-0652-7  |q (brož.) :  |c Kč 399,00 
035 |a (OCoLC)85163134 
040 |a BOA001  |b cze  |d ABA001 
041 0 |a cze  |a spa 
072 7 |a 811.134  |x Iberorománské jazyky  |2 Konspekt  |9 11 
072 7 |a 37.016  |x Učební osnovy. Vyučovací předměty. Učebnice  |2 Konspekt  |9 22 
080 |a 811.134.2  |2 MRF 
080 |a 339  |2 MRF 
080 |a 81'373.46  |2 MRF 
080 |a 005.91:82-6  |2 MRF 
080 |a 81'24'373.46  |2 MRF 
080 |a (075)  |2 MRF 
100 1 |a Macíková, Olga  |7 mzk2003188989  |4 aut 
245 1 0 |a Obchodní španělština =  |b Español comercial /  |c Olga Macíková, Ludmila Mlýnková 
246 3 1 |a Español comercial 
250 |a Vyd. 1. 
260 |a Brno :  |b CP Books,  |c 2005 
300 |a v, 342 s. :  |b il. ;  |c 23 cm +  |e 3 CD 
490 1 |a Jazyky. Učebnice 
500 |a Obálkový podnázev: vše, co potřebujete pro rozvoj písemného i ústního projevu 
650 0 7 |a španělština  |7 ph127867  |2 czenas 
650 0 7 |a obchod  |7 ph115513  |2 czenas 
650 0 7 |a oborová terminologie  |7 ph138998  |2 czenas 
650 0 7 |a obchodní korespondence  |7 ph115515  |2 czenas 
650 0 7 |a oborová konverzace  |7 ph166080  |2 czenas 
650 0 9 |a Spanish language  |2 eczenas 
650 0 9 |a commerce  |2 eczenas 
650 0 9 |a terminology (professional)  |2 eczenas 
650 0 9 |a commercial correspondence  |2 eczenas 
650 0 9 |a conversation, terms and phrases (professional)  |2 eczenas 
655 7 |a učebnice  |7 fd133770  |2 czenas 
655 9 |a textbooks  |2 eczenas 
700 1 |a Mlýnková, Ludmila,  |d 1960-  |7 xx0003415  |4 aut 
830 0 |a Jazyky (CP Books).  |p Učebnice  |0 s 
910 2 |a BOA001  |b 2-1158.938 
990 |a BK 
995 |a 01 
991 |b 200511  |c NOV 
996 6 |b 2610261425  |c 2-1158.938  |l MZK  |r Sklad / do 1 hodiny  |n 3  |p p.v.  |w 000793328  |u 000010  |a 1  |e BOA001  |j MZK50  |s P